000 00527nam a22001697a 4500
003 OSt
005 20260316142217.0
008 260316b |||||||| |||| 00| 0 eng d
040 _cMRSPTU
041 _aEnglish
100 _aUmang Chanana, Supervisor: Meenu Chaudhary,
245 _aRething Image of City in Context of Walled City, Amritsar
260 _bDepartment of Architecture, MRSPTU, Bathinda
_c2023
650 _aArchitecture
856 _uhttp://163.47.215.52:8080/jspui/handle/123456789/861
942 _2ddc
_cTH
_n0
999 _c11154
_d11154